Macroeconomics : (Record no. 1561)
[ view plain ]
| 000 -LEADER | |
|---|---|
| fixed length control field | 00995nac a22002171u 4500 |
| 008 - FIXED-LENGTH DATA ELEMENTS--GENERAL INFORMATION | |
| fixed length control field | 110104t2004 xxu|||||r|||| 001 0 eng d |
| 010 ## - LIBRARY OF CONGRESS CONTROL NUMBER | |
| LC control number | 2004565503 |
| 020 ## - INTERNATIONAL STANDARD BOOK NUMBER | |
| International Standard Book Number | 0324159927 |
| 020 ## - INTERNATIONAL STANDARD BOOK NUMBER | |
| International Standard Book Number | 9780324159929 |
| 082 10 - DEWEY DECIMAL CLASSIFICATION NUMBER | |
| Classification number | 339 |
| Item number | MIL |
| Edition number | 22 |
| 100 ## - MAIN ENTRY--PERSONAL NAME | |
| Personal name | Miller, Roger LeRoy. |
| 9 (RLIN) | 5090 |
| 245 10 - TITLE STATEMENT | |
| Title | Macroeconomics : |
| Remainder of title | Theories, Policies, and International Applications / |
| Statement of responsibility, etc | Roger LeRoy Miller, David VanHoose |
| 260 ## - PUBLICATION, DISTRIBUTION, ETC. (IMPRINT) | |
| Place of publication, distribution, etc | Mason, Ohio : |
| Name of publisher, distributor, etc | Thomson/South-Western, 2004 |
| Date of publication, distribution, etc | 2004 |
| 300 ## - PHYSICAL DESCRIPTION | |
| Extent | 550 p. : |
| Other physical details | Col. ill.; |
| Accompanying material | 27 cm. |
| 504 ## - BIBLIOGRAPHY, ETC. NOTE | |
| Bibliography, etc | Includes bibliographical references and index |
| 520 ## - SUMMARY, ETC. | |
| Summary, etc | Hands-on simulation teaches operations management processes and offers the flexibility to choose from simple to complex production environments. |
| 538 ## - SYSTEM DETAILS NOTE | |
| System details note | System requirements: 500MHz Pentium Class PC; 64MB RAM; Windows 98; 20MB free hard disk space; screen resolution (800 x 600 pixels); CD-ROM drive. |
| 650 #0 - SUBJECT ADDED ENTRY--TOPICAL TERM | |
| Topical term or geographic name as entry element | Macroeconomics. |
| 9 (RLIN) | 12846 |
| 700 1# - ADDED ENTRY--PERSONAL NAME | |
| Personal name | VanHoose, David |
| 9 (RLIN) | 21706 |
| 942 ## - ADDED ENTRY ELEMENTS (KOHA) | |
| Item type | Book - Borrowing |
| Call number prefix | 339 MIL |
| Source of classification or shelving scheme | Dewey Decimal Classification |
| Withdrawn status | Item status | Source of classification or shelving scheme | Damaged status | Not for loan | Vendor | Home library | Current library | Shelving location | Date acquired | Source of acquisition | Total Checkouts | Total Renewals | Full call number | Barcode | Date last seen | Date last borrowed | Koha item type |
|---|---|---|---|---|---|---|---|---|---|---|---|---|---|---|---|---|---|
| Dewey Decimal Classification | Central Library | Central Library | First floor | 04/01/2011 | 2 | 9 | 339 MIL | 000002792 | 15/07/2025 | 27/11/2013 | Book - Borrowing |